|
|
|
|
| LEADER |
00000nab a2200000 a 4500 |
| 001 |
vtls000075237 |
| 003 |
SK-MaSNL |
| 005 |
20260304053038.0 |
| 008 |
250422c1980 xo 0 slo |
| 015 |
|
|
|a SNBRB19rr/mm-uuuuu
|
| 035 |
|
|
|a CL0085338
|
| 035 |
|
|
|a urn:nbn:sk:snk-abcz2a
|
| 035 |
|
|
|a (urnnbn)urn:nbn:sk:snk:ar-007irh
|
| 035 |
|
|
|a (uuid)3c68eb55-02cc-469e-957b-73a90fb0f2d5
|
| 040 |
|
|
|a SNKBUCL
|b slo
|c SNKBUCL
|e AACR2
|
| 041 |
0 |
|
|a cze
|
| 044 |
|
|
|a xo
|c SK
|
| 080 |
|
|
|a 547
|2 1981
|
| 080 |
|
|
|a 612.8
|2 1981
|
| 100 |
1 |
|
|a Friedecký, Bedřich,
|d 1941-
|4 aut
|9 1120022
|
| 245 |
1 |
0 |
|a Rychlé a citlivé stanovení celkových bílkovin v mozkomíšním moku a moči
|c B. Friedecký
|
| 300 |
|
|
|b Obr. 3. Tb. 7. Res. rus., angl., nem.
|
| 650 |
0 |
7 |
|a bielkoviny
|2 snkbucl
|9 17038
|
| 655 |
|
7 |
|a články z novín a časopisov
|2 snkbucl
|9 267496
|
| 773 |
0 |
|
|t Biochemia clinica bohemoslovaca
|g Roč. 9, č. 4 (1980), s. 253-260
|
| 850 |
|
|
|a Slovenská národná knižnica
|
| 852 |
|
|
|a Slovenská národná knižnica
|
| 954 |
|
|
|a odborná, vedecká literatúra cudzojazyčná (svetová)
|2 lita
|
| 958 |
|
|
|a article17
|
| 958 |
|
|
|a OND
|
| 958 |
|
|
|a RK
|
| 958 |
|
|
|a MI
|
| 958 |
|
|
|a CZ
|
| 958 |
|
|
|a EUIPO
|
| 992 |
|
|
|a RBX
|
| 999 |
|
|
|c 2711321
|d 2713251
|